[Event "45th Olympiad Budapest 2024"]
[Site "Budapest"]
[Date "2024.09.19"]
[Round "8"]
[Board "3"]
[White "Hommadov, Amanmuhammet"]
[Black "Stefansson, Hannes"]
[Result "0-1"]
[WhiteElo "2181"]
[BlackElo "2471"]
[PlyCount "48"]
[EventDate "2024.09.11"]
[EventType "team-tourn"]
[EventRounds "11"]
[EventCountry "HUN"]
[WhiteTeam "Turkmenistan"]
[BlackTeam "Iceland"]
[WhiteTeamCountry "TKM"]
[BlackTeamCountry "ISL"]

1. e4 e5 2. Nf3 Nc6 3. Bb5 a6 4. Ba4 Nf6 5. O-O Bc5 6. Nxe5 Nxe5 7. d4 b5 8. Bb3 Bxd4 9. Qxd4 d6 10. c3 c5 11. Qd1 O-O 12. Re1 ({RR} 12. Bg5 c4 13. Bc2 h6 14. Bh4 Bb7 15. Nd2 Ng6 16. Bg3 Re8 17. Re1 Qb6 18. a4 Re6 19. b3 Rae8 20. axb5 axb5 21. bxc4 Bxe4 22. Nxe4 Nxe4 23. Bxe4 bxc4 24. Ra8 Ne5 25. Rxe8+ Rxe8 26. Bd5 Kf8 {1-0 Mendoza,R (2235)-Ortiz Lopera,M (2026) 17th American Cont Blitz 2024 (6.23)}) 12... Bb7 ({RR} 12... Re8 13. Bc2 d5 14. Be3 Neg4 15. Bf4 Nh5 16. Qf3 dxe4 17. Bxe4 Ngf6 18. Bg5 h6 19. Bxf6 Nxf6 20. Nd2 Qxd2 21. Re2 Qxe2 22. Qxe2 Rxe4 {0-1 Plaskett,H (2485)-Shirov,A (2709) BCF-chT 0506 (4NCL) 2005 (5.1)}) 13. Bc2 $146 ({RR} 13. Bg5 h6 14. Bxf6 Qxf6 15. Bd5 Bxd5 16. Qxd5 c4 17. Re2 Nd3 18. a4 Nf4 19. Qd1 Qg5 20. f3 Nxe2+ 21. Qxe2 Rfe8 22. Qd2 Qxd2 23. Nxd2 Red8 24. Kf2 d5 25. axb5 axb5 26. Rxa8 Rxa8 27. exd5 Rd8 {0-1 Verwee,J (1749)-Thomas,A (1699) FRA-ch op-C Pau 2012 (7)}) 13... Re8 14. Bf4 d5 15. exd5 Qxd5 16. f3 Nxf3+ 17. gxf3 Rxe1+ 18. Qxe1 Qxf3 19. Qg3 Qh1+ 20. Kf2 Re8 21. Be3 h5 22. Bf5 Be4 23. Bh6 g6 24. Nd2 Qxa1 0-1

[Event "45th Olympiad Budapest 2024"]
[Site "Budapest"]
[Date "2024.09.19"]
[Round "8"]
[Board "4"]
[White "Heimisson, Hilmir Freyr"]
[Black "Shirliyev, Allayar"]
[Result "1/2-1/2"]
[WhiteElo "2391"]
[BlackElo "2200"]
[PlyCount "131"]
[EventDate "2024.09.11"]
[EventType "team-tourn"]
[EventRounds "11"]
[EventCountry "HUN"]
[WhiteTeam "Iceland"]
[BlackTeam "Turkmenistan"]
[WhiteTeamCountry "ISL"]
[BlackTeamCountry "TKM"]

1. e4 e5 2. Nf3 Nc6 3. Nc3 Nf6 4. a3 d5 5. Bb5 d4 6. Ne2 Nxe4 7. d3 Nf6 8. Nxe5 Qd5 9. Nxc6 bxc6 10. Bc4 Qa5+ $146 ({RR} 10... Qd8 11. Bf4 Rb8 12. Qd2 Be7 13. Qa5 Rb7 14. O-O O-O 15. Rfe1 Bd6 16. Bxd6 Qxd6 17. b4 Ng4 18. Ng3 Be6 19. Qg5 h6 20. Qd2 Bd5 21. h3 Ne5 22. Nf5 Qf6 23. Qf4 Re8 24. Bxd5 cxd5 25. Qxd4 {0-1 Antal,T (2084)-Vavulin,M (2002) Wch U12 Kemer 2009 (9)}) ({RR} 10... Qxg2 11. Rg1 Qf3 12. Nxd4 Qxd1+ 13. Kxd1 Bd7 14. Bf4 O-O-O 15. Bxf7 g6 16. Be5 Bg7 17. Ne6 Bxe6 18. Bxe6+ Kb7 19. f4 Nh5 20. Bg4 Bxe5 21. fxe5 Nf4 22. Kd2 Rhe8 23. Rae1 a5 24. Rgf1 g5 25. e6 {1-0 Von Schwerin,C (1914)-Titgemeyer,S (1930) GER-ch U14 Willingen 2008 (3)}) ({RR} 10... Qxg2 11. Rg1 Qh3 12. Nxd4 Bg4 13. f3 Qxh2 14. Be3 Bd7 15. f4 Nd5 16. Qf3 Nxe3 17. Qxe3+ Kd8 18. Nf3 Bc5 19. d4 Qh3 20. O-O-O Bd6 21. Rxg7 Re8 22. Qb3 Bg4 23. Rxg4 Qxg4 24. Ne5 Qxf4+ 25. Kb1 {1-0 Howell,D (2518)-Ippolito,D (2396) World op 35th 2007 (5)}) 11. Bd2 Qb6 12. Ng3 Bg4 13. f3 Be6 14. Qe2 Nd5 15. f4 O-O-O 16. f5 Bd7 17. O-O f6 18. Qf3 Be8 19. b4 a6 20. Ne4 Qa7 21. Rfb1 Nb6 22. Be6+ Bd7 23. Nc5 Bxc5 24. bxc5 Nd5 25. Bxd5 cxd5 26. Qxd5 Bb5 27. Qe6+ Bd7 28. Qe4 Rhe8 29. Qf3 Re5 30. c6 Be8 31. Bf4 Re7 32. Rb4 Qc5 33. Rc4 Qxf5 34. Rb1 Qe6 35. h3 Rd5 36. Bg3 Qe3+ 37. Kf1 Rb5 38. Re1 Qxf3+ 39. gxf3 Rxe1+ 40. Kxe1 Rb6 41. Rxd4 Rxc6 42. Kd2 Rc5 43. Re4 Kd8 44. c4 Bc6 45. Re3 Kd7 46. Kc3 Rf5 47. f4 g5 48. fxg5 fxg5 49. h4 g4 50. Kd4 Rf3 51. h5 Bb7 52. Rxf3 Bxf3 53. Kc5 Be2 54. d4 c6 55. h6 Bd3 56. a4 Be2 57. a5 Bf1 58. d5 cxd5 59. Kxd5 Bg2+ 60. Ke5 Kc6 61. Bf2 Bf1 62. Kd4 Be2 63. Bg3 Bf1 64. Bf2 Be2 65. Bg3 Bf1 66. Bf2 1/2-1/2

[Event "45th Olympiad Budapest 2024"]
[Site "Budapest"]
[Date "2024.09.19"]
[Round "8"]
[Board "1"]
[White "Henriquez Villagra, Cristobal"]
[Black "Zambrana, Osvaldo"]
[Result "0-1"]
[WhiteElo "2604"]
[BlackElo "2405"]
[PlyCount "88"]
[EventDate "2024.09.11"]
[EventType "team-tourn"]
[EventRounds "11"]
[EventCountry "HUN"]
[WhiteTeam "Chile"]
[BlackTeam "Bolivia"]
[WhiteTeamCountry "CHI"]
[BlackTeamCountry "BOL"]

1. e4 c5 2. Nf3 Nc6 3. Bb5 g6 4. Bxc6 dxc6 5. d3 Qc7 6. a4 e5 7. O-O Nf6 8. a5 h6 $146 ({RR} 8... Nh5 9. Na3 f6 10. Nc4 Be6 11. Be3 Be7 12. Nfd2 O-O 13. Nb3 b6 14. g3 Rfd8 15. Qe2 Bf8 16. Rfd1 Bf7 17. Qf1 Ng7 18. axb6 axb6 19. Rxa8 Rxa8 20. Ra1 Rxa1 21. Qxa1 Bxc4 22. dxc4 Ne6 23. Qd1 {½-½ Das,S (2491)-Karthik,V (2568) 61st ch-IND 2024 (5.2)}) ({RR} 8... Nh5 9. Nc3 Be7 10. Be3 O-O 11. Nd2 Rb8 12. Ne2 Nf4 13. Nc4 Be6 14. b3 b5 15. axb6 axb6 16. Qd2 Nxe2+ 17. Qxe2 b5 18. Nd2 Ra8 19. f3 Ra5 20. Qf2 Rfa8 21. Rac1 Qd6 22. f4 exf4 23. Bxf4 {½-½ Giri,A (2764)-Carlsen,M (2862) Skilling op KO rapid 2020 (1.12)}) ({RR} 8... Nh5 9. Be3 f6 10. c3 Bg4 11. Nbd2 Rd8 12. Qc2 g5 13. Ra4 Nf4 14. d4 Rg8 15. Kh1 Rg6 16. Bxf4 gxf4 17. Nh4 Rg5 18. f3 Be6 19. Nf5 Qf7 20. Re1 Rd7 21. b3 Kd8 22. dxe5 fxe5 23. Nc4 {0-1 Lalith,B (2529)-Buksa,N (2406) 23rd Dubai Open 2023 (4.34)}) 9. Qe1 Bg4 10. Nfd2 Nh5 11. Nc4 Be6 12. Qc3 f6 13. Be3 g5 14. Qa3 Qe7 15. Nbd2 Nf4 16. Kh1 h5 17. Nb3 Bxc4 18. dxc4 Ne6 19. Rad1 Rd8 20. Rxd8+ Kxd8 21. Nc1 g4 22. Nd3 Kc8 23. Qa4 a6 24. b4 cxb4 25. c5 Bh6 26. Qxb4 Bxe3 27. fxe3 h4 28. Kg1 h3 29. g3 Rd8 30. Qb6 Ng5 31. Qa7 Nf3+ 32. Kh1 Nd2 33. Ra1 Qh7 34. Ra4 Rd4 35. Qa8+ Kc7 36. Rxd4 exd4 37. Qe8 dxe3 38. Kg1 Qxe4 39. Qxe4 Nxe4 40. Kf1 f5 41. Nf4 Kd7 42. Nh5 Ke6 43. Ke2 Ke5 44. Kxe3 Nxg3 0-1

[Event "45th Olympiad Budapest 2024"]
[Site "Budapest"]
[Date "2024.09.19"]
[Round "8"]
[Board "2"]
[White "Gemy, Jose Daniel"]
[Black "Salinas Herrera, Pablo"]
[Result "0-1"]
[WhiteElo "2315"]
[BlackElo "2479"]
[PlyCount "112"]
[EventDate "2024.09.11"]
[EventType "team-tourn"]
[EventRounds "11"]
[EventCountry "HUN"]
[WhiteTeam "Bolivia"]
[BlackTeam "Chile"]
[WhiteTeamCountry "BOL"]
[BlackTeamCountry "CHI"]

1. c4 e6 2. Nf3 d5 3. g3 dxc4 4. Qa4+ Nd7 5. Bg2 a6 6. Qxc4 b5 7. Qc2 Bb7 8. O-O c5 9. a4 Ngf6 10. Nc3 Qb6 11. d3 Be7 12. Be3 ({RR} 12. axb5 axb5 13. Rxa8+ Bxa8 14. Qb3 Nd5 15. Bg5 Nxc3 16. Qxc3 f6 17. Bd2 O-O 18. Ra1 Bb7 19. Ne1 Bxg2 20. Nxg2 Qc6 21. Qb3 c4 22. dxc4 bxc4 23. Qc2 Nb6 24. Rc1 Rc8 25. h4 Nd5 26. e4 Nb6 {1-0 Aronian,L (2797)-Wojtaszek,R (2744) Beijing Sportaccord rap rapid 2014 (4)}) 12... O-O 13. h3 ({RR} 13. b4 Ng4 14. Bxc5 Nxc5 15. bxc5 Bxc5 16. d4 Bxd4 17. axb5 Bxf2+ 18. Kh1 Ne3 19. Qd3 Nxf1 20. Rxf1 Bxf3 21. Qxf3 Bd4 22. bxa6 Bxc3 23. Qxc3 Rxa6 24. Be4 f5 25. Bd3 Qc6+ 26. Qxc6 Rxc6 27. Kg2 Rd6 {0-1 Skotheim,A (2214)-Md,B (2140) Titled Tue 2nd Apr Early 2024 (7)}) 13... Rac8 14. Rfc1 b4 $146 ({RR} 14... Nd5 15. Bd2 N7f6 16. axb5 axb5 17. Qb3 Nxc3 18. bxc3 c4 19. dxc4 Rxc4 20. Rab1 Bc5 21. e3 Rd8 22. Be1 Be4 23. Nd2 Bxb1 24. Nxc4 bxc4 25. Qxb6 Bxb6 26. Rxb1 Bc7 27. Bf1 Ne4 28. Bxc4 Ba5 29. Rc1 {½-½ Hillarp Persson,T (2543)-Haubro,M (2437) SWE-DEN Online m 2020 (4)}) 15. a5 Qd8 16. Nd1 Nd5 17. Bd2 Nc7 18. Ne3 Nb5 19. Qd1 Bf6 20. Nc4 Bd5 21. Be3 Qe7 22. Nfd2 Rfd8 23. Kh2 h5 24. Qh1 h4 25. Bxd5 hxg3+ 26. Kxg3 exd5 27. Qxd5 Nd4 28. Kg2 Nf8 29. Qh5 g6 30. Qg4 Rc6 31. Kf1 Bg7 32. Bg5 f6 33. Be3 Re6 34. Bxd4 Rxd4 35. Qf3 Nh7 36. Nb3 Ng5 37. Nxd4 Nxf3 38. Nxe6 Qxe6 39. exf3 Qxh3+ 40. Ke2 Qe6+ 41. Kf1 Qd5 42. Ke2 f5 43. Rg1 Kf7 44. Rab1 Qe6+ 45. Kf1 Qd7 46. Ke2 Bd4 47. f4 Qe7+ 48. Kf3 Qh4 49. Rg3 g5 50. fxg5 f4 51. g6+ Kg8 52. Rg4 Qxf2+ 53. Ke4 Qe2+ 54. Kxf4 Qxd3 55. Re1 Qxc4 56. b3 Qb5 0-1

[Event "45th Olympiad Budapest 2024"]
[Site "Budapest"]
[Date "2024.09.19"]
[Round "8"]
[Board "3"]
[White "Lopez Silva, Hugo"]
[Black "Pinto, Daniel"]
[Result "1/2-1/2"]
[WhiteElo "2379"]
[BlackElo "2273"]
[PlyCount "105"]
[EventDate "2024.09.11"]
[EventType "team-tourn"]
[EventRounds "11"]
[EventCountry "HUN"]
[WhiteTeam "Chile"]
[BlackTeam "Bolivia"]
[WhiteTeamCountry "CHI"]
[BlackTeamCountry "BOL"]

1. e4 e5 2. Nf3 Nc6 3. Bc4 Bc5 4. c3 Nf6 5. d3 d6 6. O-O a6 7. Nbd2 Ba7 8. Bb3 O-O 9. h3 Ne7 10. Re1 Ng6 11. Nf1 Be6 12. Ng3 h6 13. Bc2 c6 14. d4 Qd7 15. Be3 Rfe8 16. Qd2 Kh7 ({RR} 16... Rad8 17. Bxh6 gxh6 18. Qxh6 Qe7 19. Nf5 Qf8 20. Qg5 Nh7 21. Qg3 Kh8 22. Bb3 Qg8 23. Ng5 Nxg5 24. Qxg5 Nf4 25. Qf6+ Kh7 26. Qh6# {1-0 Buchenau,F (2190)-Papayan,O (2183) Titled Tue 20th Aug Late 2024 (10)}) 17. Rad1 b5 18. Qc1 Qc7 19. a4 $146 ({RR} 19. Nf5 Bxf5 20. exf5 Nf8 21. Re2 N8d7 22. Rde1 e4 23. Nh2 d5 24. Bf4 Qd8 25. f3 c5 26. Qd2 cxd4 27. cxd4 Rc8 28. Kh1 Nh5 29. Bb3 Ndf6 30. Ng4 Nxg4 31. fxg4 Nxf4 32. Qxf4 a5 33. a4 Bb8 {½-½ Fitzsimons,D (2330)-McShane,L (2643) Bunratty Masters op 25th 2018 (4)}) 19... Rad8 20. Nf5 Ng8 21. b4 f6 22. d5 Bxe3 23. Nxe3 Bd7 24. dxc6 Qxc6 25. axb5 axb5 26. Nd5 Be6 27. Nh2 Rf8 28. Qd2 N8e7 29. Ng4 Bxd5 30. exd5 Qd7 31. Ra1 f5 32. Nh2 Nf4 33. Bb3 Ra8 34. Nf1 Ra7 35. Ne3 Rfa8 36. Rab1 g6 37. Kh2 Kg7 38. c4 bxc4 39. Nxc4 Nfxd5 40. Rbd1 Rb8 41. Nxe5 dxe5 42. Bxd5 Qxd5 43. Qxd5 Nxd5 44. Rxd5 e4 45. g4 Ra2 46. gxf5 Rxf2+ 47. Kg3 Rf3+ 48. Kg4 h5+ 49. Kg5 gxf5 50. Rxf5 Rxb4 51. Rxe4 Rg3+ 52. Kf4 Rxe4+ 53. Kxg3 1/2-1/2

[Event "45th Olympiad Budapest 2024"]
[Site "Budapest"]
[Date "2024.09.19"]
[Round "8"]
[Board "4"]
[White "Montevilla Cahuasa, Jonathan I."]
[Black "Marrujo Pardo, Mauricio Emmanuel"]
[Result "0-1"]
[WhiteElo "2064"]
[BlackElo "2332"]
[PlyCount "94"]
[EventDate "2024.09.11"]
[EventType "team-tourn"]
[EventRounds "11"]
[EventCountry "HUN"]
[WhiteTeam "Bolivia"]
[BlackTeam "Chile"]
[WhiteTeamCountry "BOL"]
[BlackTeamCountry "CHI"]

1. e4 c5 2. Nf3 d6 3. d4 cxd4 4. Nxd4 Nf6 5. Nc3 Nc6 6. Bg5 Bd7 7. Qd2 Rc8 8. f3 h6 ({RR} 8... Nxd4 9. Qxd4 Qa5 10. Qd2 h6 11. Be3 a6 12. O-O-O e5 13. Kb1 Be7 14. g4 Be6 15. h4 Rxc3 16. Qxc3 Bxa2+ 17. Ka1 Qxc3 18. bxc3 Be6 19. Rb1 Bc8 20. Bc4 b5 21. Ba2 Nd7 22. Bd5 Nf6 23. Bb3 {½-½ Dominguez Perez,L (2725)-Wang,H (2742) London FIDE GP 1st 2012 (8)}) 9. Nxc6 bxc6 10. Be3 Qa5 $146 ({RR} 10... Qc7 11. Bc4 e6 12. a3 d5 13. Bb3 Bd6 14. O-O-O Ke7 15. g4 Rhd8 16. g5 hxg5 17. Bxg5 Be8 18. Rhe1 dxe4 19. Nxe4 Be5 20. Qe3 c5 21. Rxd8 Qxd8 22. Rd1 Bxb2+ 23. Kxb2 Qxd1 24. Nxc5 Qd6 25. Ne4 {½-½ Kurchenko,E (2123)-Orozbaev,E (2266) Lozovatsky Mem A 2023 (9.55)}) 11. Bc4 d5 12. Bb3 e6 13. e5 Ng8 14. Ne2 Qc7 15. f4 c5 16. c3 Ne7 17. Bf2 h5 18. O-O Nf5 19. Ng3 Nxg3 20. Bxg3 h4 21. Bf2 g6 22. Bd1 Be7 23. Bf3 a5 24. Be3 Bc6 25. Rae1 Rd8 26. Qc2 Qb6 27. Rf2 O-O 28. f5 exf5 29. Bh6 Rfe8 30. e6 Bf6 31. Bh5 Rxe6 32. Rxe6 fxe6 33. Bxg6 Be8 34. Bxf5 exf5 35. Qxf5 Be7 36. Qe5 Qxh6 37. Qxe7 Rb8 38. Qe5 Rd8 39. Qe7 Ra8 40. Qxc5 Bf7 41. Rxf7 Kxf7 42. Qxd5+ Qe6 43. Qf3+ Kg7 44. Qb7+ Kh6 45. h3 Rf8 46. Qc7 Qe3+ 47. Kh2 Qf4+ 0-1

[Event "45th Olympiad Budapest 2024"]
[Site "Budapest"]
[Date "2024.09.19"]
[Round "8"]
[Board "1"]
[White "Salem, A.R. Saleh"]
[Black "Amin, Bassem"]
[Result "1-0"]
[WhiteElo "2631"]
[BlackElo "2636"]
[PlyCount "81"]
[EventDate "2024.09.11"]
[EventType "team-tourn"]
[EventRounds "11"]
[EventCountry "HUN"]
[WhiteTeam "United Arab Emirates"]
[BlackTeam "Egypt"]
[WhiteTeamCountry "UAE"]
[BlackTeamCountry "EGY"]

1. d4 Nf6 2. c4 g6 3. Nc3 Bg7 4. e4 d6 5. f3 O-O 6. Be3 c5 7. Nge2 Nc6 8. d5 Ne5 9. Ng3 e6 10. Be2 exd5 11. cxd5 b5 12. Nxb5 Rb8 13. O-O a6 14. Nc3 Rxb2 15. Qc1 Rb4 16. Bh6 Bxh6 $146 ({RR} 16... Qa5 17. Bxg7 Kxg7 18. f4 Nc4 19. e5 Ne8 20. Nce4 Nb6 21. f5 Rxe4 22. f6+ Kg8 23. Nxe4 dxe5 24. Qh6 Nxd5 25. Ng5 Nexf6 26. Bc4 Nf4 27. Rad1 Qb6 28. g3 N4h5 29. Rd2 Bf5 30. g4 Bxg4 31. Rg2 {½-½ Omelja,A (2484)-Rybka,S (2285) Ustron op-A 2022 (8)}) 17. Qxh6 Re8 18. h3 Kh8 19. Qc1 c4 20. Kh2 a5 21. Nd1 h5 22. Qc3 Kg8 23. Ne3 Qb6 24. Nxc4 Qc5 25. Rfc1 h4 26. Nf1 Ba6 27. Nxe5 Qxc3 28. Rxc3 Bxe2 29. Nc6 Bxf1 30. Nxb4 axb4 31. Rc6 Be2 32. Rxd6 Nh5 33. Rb6 Rc8 34. d6 Kg7 35. Rxb4 Nf4 36. Rab1 Rc2 37. R1b2 Rc1 38. e5 Bc4 39. d7 Ne6 40. Rd2 g5 41. Rb6 1-0

[Event "45th Olympiad Budapest 2024"]
[Site "Budapest"]
[Date "2024.09.19"]
[Round "8"]
[Board "2"]
[White "Fawzy, Adham"]
[Black "Al Hosani, Omran"]
[Result "1/2-1/2"]
[WhiteElo "2507"]
[BlackElo "2241"]
[PlyCount "125"]
[EventDate "2024.09.11"]
[EventType "team-tourn"]
[EventRounds "11"]
[EventCountry "HUN"]
[WhiteTeam "Egypt"]
[BlackTeam "United Arab Emirates"]
[WhiteTeamCountry "EGY"]
[BlackTeamCountry "UAE"]

1. e4 c5 2. Nf3 e6 3. d4 cxd4 4. Nxd4 Nf6 5. Nc3 Nc6 6. Nxc6 bxc6 7. e5 Nd5 8. Ne4 Qc7 9. f4 Qb6 10. c4 Bb4+ 11. Ke2 f5 12. Nf2 Ba6 13. Kf3 Ne7 14. Be3 Bc5 15. Bxc5 Qxc5 16. Qd6 Qa5 17. h4 ({RR} 17. Be2 g5 18. g3 g4+ 19. Kg2 c5 20. Rhd1 Rd8 21. Kg1 h5 22. a3 h4 23. b4 Qb6 24. Qxb6 axb6 25. b5 Bb7 26. a4 Ra8 27. a5 Rxa5 28. Rxa5 bxa5 29. Nd3 hxg3 30. hxg3 a4 31. Nxc5 Rh1+ {0-1 Nazari,A (2401)-Al Hosani,O (2241) Titled Tue 3rd Sep Late 2024 (11)}) 17... Rd8 ({RR} 17... c5 18. Be2 Rd8 19. Rhd1 Nc8 20. Qd2 Qb6 21. Qe3 O-O 22. b3 d5 23. cxd5 Bxe2+ 24. Qxe2 Rxd5 25. Rxd5 exd5 26. Rc1 Ne7 27. Nd3 Nc6 28. Kg3 Nd4 29. Qf2 Rc8 30. Kh2 Ne6 31. Qf3 Qd8 32. g3 {½-½ Prraneeth,V (2456)-Sindarov,J (2674) 30th Abu Dhabi Masters 2024 (2.3)}) 18. a3 $146 ({RR} 18. Be2 Nc8 19. Qd4 O-O 20. Nd3 d6 21. Rhc1 c5 22. Qe3 Qc7 23. Kf2 Bb7 24. b4 cxb4 25. c5 dxc5 26. Nxc5 Qe7 27. Nxb7 Qxb7 28. Bf3 Qe7 29. Kg3 Nb6 30. Qc5 Qxc5 31. Rxc5 Rd3 32. Ra5 Rf7 {0-1 Azarov,S (2604)-Narayanan,S (2658) Cattolica Grandiscacchi op 1st 2022 (5)}) ({RR} 18. Kg3 c5 19. Be2 Nc8 20. Qd1 d6 21. exd6 Nxd6 22. Qe1 Qb6 23. Bh5+ Nf7 24. Bxf7+ Kxf7 25. b3 Bb7 26. Qe2 e5 27. Nh3 Rhe8 28. Qh5+ Kg8 29. Rad1 Qc6 30. Rd5 g6 31. Qg5 Rxd5 32. cxd5 Qxd5 {½-½ Alonso Garcia,A (2426)-Maurizzi,M (2536) VII Semana Santa Alicante 2023 (5.4)}) ({RR} 18. Be2 Nc8 19. Qd4 O-O 20. Rhd1 c5 21. Qe3 Qc7 22. Rd2 d6 23. Rad1 dxe5 24. Qxe5 Qxe5 25. fxe5 Rxd2 26. Rxd2 Ne7 27. Rd6 Bb7+ 28. Kg3 f4+ 29. Kh3 f3 30. Bxf3 Bxf3 31. gxf3 Rxf3+ 32. Kg2 Re3 {0-1 Georgescu,L (2262)-Vega Gutierrez,S (2394) EU-chT (Women) 23rd 2021 (3.6)}) 18... c5 19. Nd3 Bxc4 20. Qxc5 Qa6 21. Nb4 Qb7+ 22. Kg3 Rc8 23. Qd4 Bxf1 24. Rhxf1 a5 25. Nd3 Qe4 26. Qxe4 fxe4 27. Nf2 Nf5+ 28. Kh3 e3 29. Ne4 h5 30. Ng3 Nxg3 31. Kxg3 Ke7 32. Rfe1 Rc2 33. Rab1 Rb8 34. Rxe3 Rbxb2 35. Rxb2 Rxb2 36. Rd3 g6 37. Kf3 Ke8 38. g3 Ke7 39. Ke4 Rb1 40. Rc3 d5+ 41. exd6+ Kxd6 42. Kd4 Rb5 43. Re3 Rd5+ 44. Kc4 Rc5+ 45. Kb3 Rb5+ 46. Kc4 Rc5+ 47. Kd4 Rd5+ 48. Ke4 Rb5 49. Rd3+ Ke7 50. Kd4 Kf6 51. Kc4 Rb8 52. Re3 a4 53. Kd4 Rb7 54. Ke4 Rb8 55. Rd3 Rb5 56. Rc3 Rb8 57. Rc4 Rb3 58. Rxa4 Rxg3 59. Ra8 Rh3 60. Rf8+ Kg7 61. Re8 Rxa3 62. Rxe6 Ra4+ 63. Kf3 1/2-1/2

[Event "45th Olympiad Budapest 2024"]
[Site "Budapest"]
[Date "2024.09.19"]
[Round "8"]
[Board "3"]
[White "Ammar, Sedrani"]
[Black "Wafa, Hamed"]
[Result "1-0"]
[WhiteElo "2226"]
[BlackElo "2368"]
[PlyCount "159"]
[EventDate "2024.09.11"]
[EventType "team-tourn"]
[EventRounds "11"]
[EventCountry "HUN"]
[WhiteTeam "United Arab Emirates"]
[BlackTeam "Egypt"]
[WhiteTeamCountry "UAE"]
[BlackTeamCountry "EGY"]

1. d4 Nf6 2. c4 e6 3. Nf3 b6 4. g3 Bb7 5. Bg2 Be7 6. O-O O-O 7. Nc3 Ne4 8. Qc2 Nxc3 9. Qxc3 Be4 10. b3 f5 ({RR} 10... Bf6 11. Bb2 c5 12. Qd2 cxd4 13. Bxd4 Nc6 14. Bxf6 Qxf6 15. Rfd1 d5 16. cxd5 Bxd5 17. Qg5 Rfd8 18. Qxf6 gxf6 19. Ne1 Bxg2 {½-½ Sargissian,G (2643)-Akopian,V (2673) Yerevan Asrian Memorial 1st rapid 2008 (10)}) ({RR} 10... Bf6 11. Bb2 c5 12. Qd2 d6 13. Rfd1 Qe7 14. dxc5 dxc5 15. Bxf6 Qxf6 16. Qe3 Bb7 17. Ne5 Qe7 18. Bxb7 Qxb7 19. Rd6 f6 20. Nf3 e5 21. Rad1 Nc6 22. Rd7 Qc8 23. Qe4 Nd4 24. Qd5+ Kh8 25. Nxd4 {½-½ Kogen,J (2220)-Karthik,A (2124) Charlotte Open 2024 (5.11)}) 11. Bb2 Bf6 12. Rac1 d6 13. Ne1 $146 ({RR} 13. Rfd1 Qe7 14. Ne1 Bg5 15. f4 Bxg2 16. Kxg2 Bf6 17. Qf3 Nd7 18. Ba3 c5 19. dxc5 Nxc5 20. Bxc5 bxc5 21. e4 e5 22. Nd3 exf4 23. exf5 fxg3 24. hxg3 Bg5 25. Rc2 Rae8 26. Nf2 Qe5 27. Qd5+ Kh8 {1-0 Nielsen,P-Haahr,T DEN-ch42 Mesterskabet 1951}) 13... Bxg2 14. Nxg2 Nd7 15. Qc2 Qe8 16. Rcd1 Qf7 17. f4 Qg6 18. Rfe1 h5 19. e4 h4 20. Re3 h3 21. Ne1 Bd8 22. Nf3 Nf6 23. exf5 exf5 24. d5 Ne4 25. Nd2 Nf6 26. Bxf6 Bxf6 27. Nf3 Rae8 28. Rde1 Rxe3 29. Rxe3 Re8 30. Qe2 Re4 31. Kf1 Qe8 32. Rxe4 fxe4 33. Qe3 c6 34. dxc6 Qxc6 35. Nd2 d5 36. Ke2 dxc4 37. bxc4 Qa4 38. Qb3 Qe8 39. Qb5 Qe7 40. Qd5+ Kf8 41. Nxe4 Qe8 42. Kf3 Qa4 43. Kg4 Qxa2 44. Kxh3 Be7 45. Qf5+ Kg8 46. Qe6+ Kf8 47. g4 Qa3+ 48. Ng3 Qd6 49. Qe4 a5 50. Nf5 Qa3+ 51. Ng3 a4 52. g5 Qd6 53. g6 Bd8 54. f5 a3 55. Qa8 Qe7 56. Qa4 Qd6 57. Qa8 Qe7 58. Qd5 Ke8 59. Qc6+ Kf8 60. Qa8 Ke8 61. Kg2 Kd7 62. Qd5+ Qd6 63. Qf7+ Qe7 64. Qd5+ Qd6 65. Qf7+ Be7 66. Kh3 a2 67. c5 Qd2 68. Qe6+ Kd8 69. Qxb6+ Ke8 70. Qb8+ Bd8 71. Qe5+ Be7 72. c6 Qh6+ 73. Kg4 Qg5+ 74. Kf3 Qf6 75. Qb5 Qc3+ 76. Kg2 Qc2+ 77. Kh3 Bd6 78. Qb7 Bc7 79. Qc8+ Bd8 80. Qd7+ 1-0

[Event "45th Olympiad Budapest 2024"]
[Site "Budapest"]
[Date "2024.09.19"]
[Round "8"]
[Board "4"]
[White "Sadek, Sameh"]
[Black "Sultan, Ibrahim"]
[Result "1/2-1/2"]
[WhiteElo "2269"]
[BlackElo "2206"]
[PlyCount "158"]
[EventDate "2024.09.11"]
[EventType "team-tourn"]
[EventRounds "11"]
[EventCountry "HUN"]
[WhiteTeam "Egypt"]
[BlackTeam "United Arab Emirates"]
[WhiteTeamCountry "EGY"]
[BlackTeamCountry "UAE"]

1. Nf3 Nf6 2. b3 c5 3. Bb2 Nc6 4. c4 g6 5. Bxf6 exf6 6. Nc3 Bg7 7. g3 O-O 8. Bg2 Ne7 $146 ({RR} 8... f5 9. O-O d6 10. Rb1 Be6 11. e3 Rc8 12. Ne2 d5 13. Nf4 dxc4 14. Nxe6 fxe6 15. bxc4 b6 16. Qa4 Rc7 17. Rfd1 Qe7 18. d4 cxd4 19. exd4 Rd8 20. d5 Na5 21. dxe6 Rxc4 22. Rxd8+ Qxd8 23. Qd7 {1-0 Dubov,D (2701)-Momin Fayzan (1950) Titled Tue 11th Jun Late 2024 (3)}) ({RR} 8... f5 9. O-O Rb8 10. Ne1 b6 11. a3 Bb7 12. Nd3 Ne7 13. Bxb7 Rxb7 14. b4 d5 15. Qb3 dxc4 16. Qxc4 cxb4 17. axb4 Rc7 18. Qb3 Bxc3 19. dxc3 Qd6 20. Rfd1 Qf6 21. c4 g5 22. c5 Rd8 23. Ra6 {1-0 Dimitrov,R (2480)-Spelec,D (1923) Ljubljana Open 2024 (1.5)}) ({RR} 8... f5 9. O-O d6 10. Ne1 Be6 11. Nd3 a6 12. Rc1 Rc8 13. Nf4 Qa5 14. e3 b5 15. Bxc6 Rxc6 16. Ncd5 Re8 17. Qc2 Rcc8 18. d3 Bd7 19. Rfd1 Qd8 20. Qd2 Bc6 21. h4 h6 22. Qe2 Rb8 23. Qf3 {1-0 McNab,C-Pritchett,C (2390) British CF-67 Championship 1980 (11)}) 9. O-O d5 10. cxd5 Nxd5 11. Na4 b6 12. Rc1 Re8 13. d4 Ba6 14. Re1 Bh6 15. e3 Nb4 16. dxc5 Nd3 17. Nd4 Nxc1 18. Qxc1 Rc8 19. c6 Qxd4 20. exd4 Bxc1 21. Rxc1 Kf8 22. Nc3 f5 23. d5 Ke7 24. b4 Bc4 25. Nd1 Kd6 26. Ne3 b5 27. a4 a6 28. h4 Bb3 29. axb5 axb5 30. Rc5 Re5 31. Bf1 Rxe3 32. fxe3 Bxd5 33. Bxb5 Bxc6 34. Kf2 Rc7 35. Ba6 Ra7 36. Ra5 Kc7 37. Bc4 Rb7 38. Bxf7 Rxb4 39. Ra2 Kd6 40. Rd2+ Ke5 41. Ba2 Rb8 42. Bc4 Be4 43. Be2 Rb1 44. Bf3 Rc1 45. Bxe4 fxe4 46. Rd7 Rc2+ 47. Kf1 h6 48. Rh7 h5 49. Rf7 Rc6 50. Kg2 Ke6 51. Rf4 Rc2+ 52. Kf1 Kd5 53. g4 Rh2 54. gxh5 gxh5 55. Ke1 Ke5 56. Kf1 Ra2 57. Rf8 Ra6 58. Ke2 Ra2+ 59. Ke1 Kd5 60. Rd8+ Ke6 61. Rh8 Kd5 62. Rd8+ Ke6 63. Rh8 Kf5 64. Rg8 Rh2 65. Rg5+ Kf6 66. Rxh5 Ke6 67. Rh8 Kf7 68. Kf1 Kg7 69. Rh5 Kf6 70. Ra5 Rxh4 71. Kg2 Rg4+ 72. Kf2 Rg8 73. Rb5 Ke6 74. Rh5 Rf8+ 75. Ke2 Rd8 76. Ke1 Rd5 77. Rxd5 Kxd5 78. Kd2 Kc4 79. Kc2 Kb4 1/2-1/2

[Event "45th Olympiad Budapest 2024"]
[Site "Budapest"]
[Date "2024.09.19"]
[Round "8"]
[Board "1"]
[White "Xie, Felix"]
[Black "Rodrigue-Lemieux, Shawn"]
[Result "0-1"]
[WhiteElo "2320"]
[BlackElo "2509"]
[PlyCount "58"]
[EventDate "2024.09.11"]
[EventType "team-tourn"]
[EventRounds "11"]
[EventCountry "HUN"]
[WhiteTeam "New Zealand"]
[BlackTeam "Canada"]
[WhiteTeamCountry "NZL"]
[BlackTeamCountry "CAN"]

1. e4 c5 2. Nf3 e6 3. d4 cxd4 4. Nxd4 Nc6 5. Nc3 Bc5 6. Ndb5 Nf6 7. Bf4 O-O 8. Bc7 Qe7 9. Bd6 Bxd6 10. Qxd6 Qd8 11. Nc7 Rb8 12. Be2 a6 ({RR} 12... b5 13. e5 Ne8 14. Nxe8 b4 15. Ne4 Rxe8 16. O-O Bb7 17. Qc5 Rf8 18. Rfd1 Ne7 19. Nd6 Bd5 20. Qxa7 Nc6 21. Qe3 f6 22. Bc4 Ne7 23. exf6 Rxf6 24. Bxd5 Nxd5 25. Qg3 Qb6 26. Nc4 Qb5 27. Ne3 {1-0 Uskov,A (2392)-Xie,F (2244) World Blitz 2023 (6.65)}) 13. O-O ({RR} 13. e5 Ne8 14. Nxe8 Rxe8 15. Bf3 b5 16. Bxc6 Rb6 17. O-O-O Rxc6 18. Qd2 Qa5 19. Kb1 b4 20. Ne4 Qxe5 21. Nd6 Rf8 22. f4 Qc5 23. h4 a5 24. h5 h6 25. g4 a4 26. Rh3 f6 27. Ne4 Qc4 {0-1 Hovhannisyan,R (2597)-Asadli,V (2567) World Rapid 2022 (11.32)}) 13... b5 14. e5 Rb7 $146 ({RR} 14... Ne8 15. Nxe8 Rxe8 16. Bf3 Bb7 17. Ne4 Ne7 18. Rfd1 Bc6 19. b3 Nf5 20. Qd2 Nh4 21. Qf4 Ng6 22. Qg3 h5 23. Nd6 h4 24. Qh3 Bxf3 25. Qxf3 Rf8 26. Qh5 Qb6 27. Ne4 Rfc8 28. Rxd7 Rxc2 29. Rf1 {0-1 Geivondian,A (2297)-Xu,Y (2496) Titled Tue 10th Sep Early 2024 (11)}) 15. Nxa6 Ne8 16. Qc5 b4 17. Nb5 Qb6 18. Bd3 Rb8 19. Bxh7+ Kxh7 20. Qxf8 Bxa6 21. Qxf7 Qxb5 22. Rfe1 Nd4 23. Re3 Nf5 24. Rh3+ Nh6 25. Re1 Qd5 26. Qf4 Rc8 27. c3 Rc4 28. Qg5 Re4 29. Rhe3 Rg4 0-1